Focus sur: Bofur - Tolkien - Statistiques

Statistiques générales
  • Ce quiz a été pris 16 fois
  • Le résultat moyen est 7 sur 8
Statistiques - réponses
Informations recherchées Réponses % Correct
Groupe auquel il appartient Compagnie de Thorin
100%
Première apparition Le Hobbit
100%
Espèce Nain
100%
Couleur des cheveux Noir/sombre
100%
Royaume Erebor
93%
Ages durant lequel il vécut Troisième/Quatrième
93%
Frère Bombur
80%
Acteur l'interprétant dans les films James Nesbitt
20%
Aucun quiz correspondant
Distribution des résultats
% des personnes avec chaque résultat
Percentile par nombre de réponses
Votre historique - résultats
Vous n’avez pas pris ce quiz